<?xml version="1.0" encoding="UTF-8"?>
<record
    xmlns:xsi="http://www.w3.org/2001/XMLSchema-instance"
    xsi:schemaLocation="http://www.loc.gov/MARC21/slim http://www.loc.gov/standards/marcxml/schema/MARC21slim.xsd"
    xmlns="http://www.loc.gov/MARC21/slim">

  <leader>00891cam a2200217   4500</leader>
  <controlfield tag="008">060622t20052005mx            000 0 spa u</controlfield>
  <datafield tag="020" ind1=" " ind2=" ">
    <subfield code="a">9703227376</subfield>
  </datafield>
  <datafield tag="035" ind1=" " ind2=" ">
    <subfield code="a">a454468</subfield>
  </datafield>
  <datafield tag="050" ind1="0" ind2="4">
    <subfield code="a">K215.S63 </subfield>
    <subfield code="b">C66 2005</subfield>
  </datafield>
  <datafield tag="110" ind1="2" ind2=" ">
    <subfield code="a">Congreso Internacional de Culturas y Sistemas Jur&#xED;dicos Comparados.</subfield>
  </datafield>
  <datafield tag="245" ind1="1" ind2="0">
    <subfield code="a">Historia del derecho : </subfield>
    <subfield code="b">memoria del Congreso Internacional de Culturas y Sistemas Jur&#xED;dicos Comparados / </subfield>
    <subfield code="c">Jos&#xE9; Antonio Caballero Ju&#xE1;rez, Oscar Cruz Barney, coordinadores.</subfield>
  </datafield>
  <datafield tag="260" ind1=" " ind2=" ">
    <subfield code="a">M&#xE9;xico : </subfield>
    <subfield code="b">UNAM, Instituto de Investigaciones Jur&#xED;dicas, </subfield>
    <subfield code="c">c2005</subfield>
  </datafield>
  <datafield tag="300" ind1=" " ind2=" ">
    <subfield code="a">x, 347 p. ; </subfield>
    <subfield code="c">22 cm.</subfield>
  </datafield>
  <datafield tag="490" ind1=" " ind2="0">
    <subfield code="a">Serie Doctrina jur{acute}Idica . </subfield>
    <subfield code="v">no. 266</subfield>
  </datafield>
  <datafield tag="504" ind1=" " ind2=" ">
    <subfield code="a">Incluye bibliograf&#xED;as</subfield>
  </datafield>
  <datafield tag="506" ind1=" " ind2=" ">
    <subfield code="a">Rec. Esc.</subfield>
  </datafield>
  <datafield tag="650" ind1=" " ind2="4">
    <subfield code="a">Derecho </subfield>
    <subfield code="x">Historia </subfield>
    <subfield code="v">Congresos</subfield>
  </datafield>
  <datafield tag="700" ind1="1" ind2=" ">
    <subfield code="a">Caballero Ju&#xE1;rez, Jos&#xE1; Antonio, coord.</subfield>
  </datafield>
  <datafield tag="700" ind1="1" ind2=" ">
    <subfield code="a">Cruz Barney, Oscar, coord.</subfield>
  </datafield>
  <datafield tag="942" ind1=" " ind2=" ">
    <subfield code="2">lcc</subfield>
    <subfield code="c">LIB </subfield>
  </datafield>
  <datafield tag="999" ind1=" " ind2=" ">
    <subfield code="c">109888</subfield>
    <subfield code="d">109888</subfield>
  </datafield>
  <datafield tag="952" ind1=" " ind2=" ">
    <subfield code="1">0</subfield>
    <subfield code="2">lcc</subfield>
    <subfield code="4">0</subfield>
    <subfield code="7">0</subfield>
    <subfield code="a">LIC-020</subfield>
    <subfield code="b">LIC-020</subfield>
    <subfield code="c">GENERAL</subfield>
    <subfield code="d">2016-04-11</subfield>
    <subfield code="f">1a. ed.</subfield>
    <subfield code="k">EH</subfield>
    <subfield code="o">K215.S63 C66 2005</subfield>
    <subfield code="p">BFF000015904</subfield>
    <subfield code="r">2016-04-11 00:00:00</subfield>
    <subfield code="t">c:1</subfield>
    <subfield code="y">LIB</subfield>
  </datafield>
</record>
